000 00701nam a2200205Ii 4500
003 JO-AjNU
008 230605s9999||||xx |||||||||||||| ||und||
040 _aJO-AjNU
_bara
_erda
_cJO-AjNU
041 _aara
050 1 4 _aN6447 1995
100 3 _aسيرو،جينفييف تأليف /بدران ،عبد الله مترجم /قاسم ،بدر مترجم,
_eauthor
_916123
245 0 0 _aاعلام الفن الحديث
250 _aط3
264 3 1 _aدمشق: دار الكتاب العربي ،1995
300 _a235ص
336 _atext
_btxt
_2rdacontent
337 _aunmediated
_bn
_2rdamedia
338 _avolume
_bnc
_2rdacarrier
650 4 _aالفن الحديث-اعلام الفن
_916124
999 _aA4708
_c8276
_d8276